| 000 | 01155pam a2200325 a 4500 | ||
|---|---|---|---|
| 001 | 3467969 | ||
| 003 | OSt | ||
| 005 | 20210416053146.0 | ||
| 008 | 930210s1993 enka b 001 0 eng | ||
| 010 | _a 93009646 | ||
| 020 | _a0415092809 (hbk.) | ||
| 020 | _a0415092817 | ||
| 040 |
_aDLC _cDLC _dDLC |
||
| 050 | 0 | 0 |
_aHG3881 _b.I57613 1993 |
| 080 |
_a336 _bD-23 |
||
| 082 | 0 | 0 |
_a332/.042 _220 |
| 245 | 0 | 0 |
_aInternational finance : _bcontemporary issues / _cedited by Dilip K. Das. |
| 260 |
_aLondon ; _aNew York : _bRoutledge, _c1993. |
||
| 300 |
_a616 p. : _bill. ; _c26 cm. |
||
| 504 | _aIncludes bibliographical references and index. | ||
| 650 | 0 | _aInternational finance. | |
| 650 | 0 |
_aFinances _9454 |
|
| 653 | _aფინანსები | ||
| 653 | _aსაერთაშორისო ფინანსები | ||
| 700 | 1 |
_aDas, Dilip K., _d1945- |
|
| 856 | 4 | 2 |
_3Publisher description _uhttp://www.loc.gov/catdir/enhancements/fy0648/93009646-d.html |
| 906 |
_a7 _bcbc _corignew _d1 _eocip _f19 _gy-gencatlg |
||
| 942 |
_2udc _cBK |
||
| 999 |
_c112 _d112 |
||